| 000 | 00631nam a2200217 4500 | ||
|---|---|---|---|
| 003 | OSt | ||
| 005 | 20240608012320.0 | ||
| 006 | a | ||
| 008 | 240608b |||||||| |||| 00| 0 eng d | ||
| 020 | _a9710412303 | ||
| 040 |
_aDWCL-Main lib. _cOC |
||
| 082 | _aFil. 499.211 V179r 2012 | ||
| 100 | _aVillaruel, Rosie R. | ||
| 245 | _aRetorika : mabisang pagpapahayag sa Filipino / | ||
| 260 |
_aMandaluyong City, Phils. : _bBooks Atbp., _cc2012. |
||
| 300 |
_axvi, _b161 p. ; _c22 cm. |
||
| 504 | _aIncludes bibliographical references. | ||
| 650 | _a1. Retorika. | ||
| 700 | _aRosie R. Villaruel | ||
| 942 |
_2ddc _n0 _cBK - FIL _kFil. |
||
| 999 |
_c382 _d382 |
||